Catálogo
 En Linea

Pensamientos a Trujillo : (Registro nro. 26009)

Detalles MARC
000 -CABECERA
campo de control de longitud fija 00723nam a2200181 a 4500
001 - NÚMERO DE CONTROL
campo de control 000026517
005 - FECHA Y HORA DE LA ÚLTIMA TRANSACCIÓN
campo de control 20240409073641.0
008 - DATOS DE LONGITUD FIJA--INFORMACIÓN GENERAL
campo de control de longitud fija 110322t1938 dr 011 0dspa d
040 ## - FUENTE DE LA CATALOGACIÓN
Centro catalogador/agencia de origen DO-SdBNP
Lengua de catalogación spa
Centro/agencia transcriptor BNPHU
082 ## - NÚMERO DE LA CLASIFICACIÓN DECIMAL DEWEY
Número de clasificación 923.17293
Número de documento/Ítem T866p
245 00 - MENCIÓN DE TÍTULO
Título Pensamientos a Trujillo :
Resto del título contenidos en el album dedicado al generalísimo Dr. Rafael L. Trujillo, Benefactor de la Patria, el 16 de agosto de 1938.
260 ## - PUBLICACIÓN, DISTRIBUCIÓN, ETC.
Lugar de publicación, distribución, etc. Santiago, República Dominicana :
Nombre del editor, distribuidor, etc. l El Diario,
Fecha de publicación, distribución, etc. 1938.
300 ## - DESCRIPCIÓN FÍSICA
Extensión v. ;
Dimensiones 24 cm.
500 ## - NOTA GENERAL
Nota general La biblioteca posee el v.1 y 2.
500 ## - NOTA GENERAL
Nota general Incluye índice de personas por provincias.
600 10 - PUNTO DE ACCESO ADICIONAL DE MATERIA--NOMBRE DE PERSONA
Nombre de persona Trujillo Molina, Rafael Leónidas,
Fechas asociadas al nombre 1891-1961
9 (RLIN) 76764
910 ## - DATOS DE OPCIÓN DEL USUARIO (OCLC)
Datos de opción del usuario Validado. Control de calidad EMS.
Existencias
Estado de retiro Estado de pérdida Restricciones de uso No para préstamo Código de colección Localización permanente Ubicación/localización actual Ubicación en estantería Fecha de adquisición Número de inventario Total de préstamos Signatura topográfica completa Código de barras Fecha visto por última vez Precio válido a partir de Tipo de ítem Koha Nota pública
        Raros y valiosos General General Depósito 22.03.2011 LF1   923.17293 T866p | v.1, e.3 26517-30 25.06.2020 25.06.2020 Préstamo en sala  
      Excluido de préstamo Raros y valiosos Patrimonio Dominicano Patrimonio Dominicano Depósito 22.03.2011 LF1   923.17293 T866p | v.1 26517-10 25.06.2020 25.06.2020 No se presta Pertenecio a la biblioteca personal de German E. Ornes
  Extraviado   Excluido de préstamo Raros y valiosos Patrimonio Dominicano Patrimonio Dominicano Extraviado 22.03.2011 LF1   923.17293 T866p | v.1, e.2 26517-20 25.06.2020 25.06.2020 No se presta  
      Excluido de préstamo Raros y valiosos Patrimonio Dominicano Patrimonio Dominicano Depósito 29.06.2011 LF1   923.17293 T866p | v.2 26517-40 25.06.2020 25.06.2020 No se presta Perteneció a la biblioteca personal de Julio Ortega Frier.
      Excluido de préstamo Raros y valiosos Patrimonio Dominicano Patrimonio Dominicano Depósito 07.07.2011 LF1   923.17293 T866p | v.2, e.2 26517-50 25.06.2020 25.06.2020 No se presta  

Con tecnología Koha